Normal view
MARC view
- Edited By: SMITH,EMMA , GARRETT A.SULLIVAN
Entry Personal Name
001 - CONTROL NUMBER
- control field: 2575
003 - CONTROL NUMBER IDENTIFIER
- control field: JO-AjAnu
005 - DATE AND TIME OF LATEST TRANSACTION
- control field: 20230606070727.0
008 - FIXED-LENGTH DATA ELEMENTS
- fixed length control field: 230606|| aca||aabn | a|a d
040 ## - CATALOGING SOURCE
- Original cataloging agency: JO-AjAnu
- Transcribing agency: JO-AjAnu
100 ## - HEADING--PERSONAL NAME
- Personal name: Edited By: SMITH,EMMA , GARRETT A.SULLIVAN
670 ## - SOURCE DATA FOUND
- Source citation: Work cat.: (JO-AjAnu)1347: Edited By: SMITH,EMMA , GARRETT A.SULLIVAN , author, ENGLISH RENAISSANCE TRAGEDY